Ultima classificata in Serie A dal 2000 in poi - Statistics

Statistiche generali
  • Questo quiz è stato fatto 49 volte
  • Il punteggio medio è 22 su 26
Statistiche sulle risposte
Stagione Ultima Class. Punti % Corretto
2025/26 Pisa 18
98%
2005/06 Juventus 0 (-91)
96%
2015/16 Hellas Verona 28
93%
2018/19 Chievo Verona 17 (-3)
91%
2024/25 Monza 18
91%
2004/05 Atalanta 35
89%
2017/18 Benevento 21
89%
2008/09 Lecce 30
89%
2022/23 Sampdoria 19
89%
2000/01 Bari 20
87%
2010/11 Bari 24
87%
2023/24 Salernitana 17
87%
2001/02 Venezia 18
87%
2021/22 Venezia 27
87%
2014/15 Parma 19
85%
2020/21 Parma 20
85%
2019/20 Spal 20
85%
2012/13 Pescara 22
80%
2016/17 Pescara 18
80%
2006/07 Messina 26
78%
2007/08 Livorno 30
76%
2009/10 Livorno 29
76%
2013/14 Livorno 25
76%
2002/03 Torino 21
76%
2003/04 Ancona 13
61%
2011/12 Cesena 22
61%
Nessun quiz corrispondente trovato
Distribuzione punteggi
Percentuale di utenti per punteggio
Percentile per numero di risposta
I tuoi punteggi nel tempo
Non hai fatto questo quiz